00812cam a22002531a 45000010008000000030004000080050017000120080041000290100017000700150014000870350018001010400039001190420012001580820016001701000037001862450095002232600050003183000026003685040066003946500025004606500027004857000023005127000023005357066021OSt20230626135434.0711116s1966 nyu b 001 0 eng  a 66020494  aGB67-5746 a(OCoLC)171887 aDLCcODaWUdOCoLCdUkdMoSU-LdDLC apremarc a332.04bFRI1 aFriedmann, Wolfgang,d1907-1972.10aInternational financial aid /cWolfgang G. Friedmann, George Kalmanoff, Robert F. Meagher. aNew York :bColumbia University Press,c1966. axiv, 498 p. ;c24 cm. aIncludes bibliographical references (p. [473]-481) and index. 0aEconomic assistance. 0aInternational finance.1 aKalmanoff, George.1 aMeagher, Robert F.